Statistics for Most Famous Person from Select Countries

Click here to take the quiz!

General Stats

  • This quiz has been taken 42 times
  • The average score is 5 of 24

Answer Stats

HintAnswer% Correct
USAGeorge Washington
76%
RussiaVladimir Putin
70%
FranceNapoleon Bonaparte
54%
CanadaJustin Bieber
35%
EgyptKing Tutankhamen
35%
South AfricaElon "The Beast" Musk
30%
ArgentinaLionel Messi
30%
GreeceSocrates
24%
GermanyAlbert Einstein
22%
SerbiaNikola Tesla
22%
ItalyLeonardo Da Vinci
19%
NetherlandsVincent Van Gogh
19%
UKWilliam Shakespeare
19%
TanzaniaFreddy Mercury
11%
IndiaSiddhartha Gautama
11%
FijiVijay Singh
8%
AlgeriaAlbert Camus
5%
PolandFrederic Chopin
5%
MexicoJoaquín "El Chapo (Shorty) Guzman" Archivaldo Guzmán Loera VIII
5%
NorwayMagnus "The Animal" Carlsen
5%
IrelandJames Joyce
3%
EstoniaArvo Pärt
0%
SwitzerlandCarl Jung
0%
BelarusMarc Chagall
0%

Score Distribution

Percentile by Number Answered

Percent of People with Each Score

Your Score History

You have not taken this quiz